|
|
|
|
| LEADER |
00000naa0a2200000 4500 |
| 001 |
599111 |
| 005 |
20250416092654.0 |
| 035 |
|
|
|a (RuTPU)RU\TPU\tpu\22963
|
| 035 |
|
|
|a RU\TPU\tpu\22947
|
| 090 |
|
|
|a 599111
|
| 100 |
|
|
|a 20130328d2003 k||y0rusy50 ba
|
| 101 |
0 |
|
|a eng
|
| 200 |
1 |
|
|a UV-visible characterization of gold clusters and nanoparticles in beta zeolite
|f A. V. Zosimov [et al.]
|
| 320 |
|
|
|a References: p. 348 (8 tit.)
|
| 330 |
|
|
|a The gold/zeolite system was prepared by ion exchange method. The gold introduced into Beta zeolite and reduced at various temperatures by hydrogen was studied by means of UV-Visible diffuse reflectance spectroscopy. Three types of gold species were observed in the samples: cations, clusters and nanoparticles.
|
| 333 |
|
|
|a В фонде НТБ ТПУ отсутствует
|
| 463 |
|
|
|t Physics, Chemistry and Application of Nanostructures. Reviews and Short Notes to Nano Meeting 2003
|o International conference Nanomeeting-2003, Minsk, Belarus, May 20-23, 2003
|v P. 346-348
|d 2003
|
| 610 |
1 |
|
|a труды учёных ТПУ
|
| 701 |
|
1 |
|a Tuzovskaya
|b I.
|
| 701 |
|
1 |
|a Bogdanchikova
|b N.
|
| 701 |
|
1 |
|a Avalos
|b M.
|
| 701 |
|
1 |
|a Simakov
|b A.
|
| 701 |
|
1 |
|a Pestryakov
|b A. N.
|c Chemist
|c Professor of Tomsk Polytechnic University, Doctor of Chemical Science
|f 1963-
|g Aleksey Nikolaevich
|3 (RuTPU)RU\TPU\pers\30471
|4 070
|9 14796
|
| 801 |
|
1 |
|a RU
|b 63413507
|c 20130326
|
| 801 |
|
2 |
|a RU
|b 63413507
|c 20130328
|g RCR
|
| 850 |
|
|
|a 63413507
|
| 942 |
|
|
|c BK
|